| 000 | 02270nam a2200529Ii 4500 | ||
|---|---|---|---|
| 001 | DIGCOLMX0484 | ||
| 003 | NyNyDIG | ||
| 006 | m o d | ||
| 007 | cr ||||||||||| | ||
| 008 | 240701s2023 mx ab ob 000 0 spa d | ||
| 035 | _a(OCoLC)1395067865 | ||
| 040 |
_aDGITA _beng _erda _epn _cDGITA |
||
| 020 |
_a9786075645155 _qelectrónico |
||
| 020 |
_z9786075643915 _qimpreso |
||
| 043 |
_as-cl--- _aa-ph--- _an-mx--- |
||
| 050 | 1 | 4 | _aHD1332 ebook |
| 245 | 0 | 0 |
_aEn todos los rincones imperiales : _bapropiaciones de tierras baldías y composiciones de propiedades agrarias en América y Filipinas (siglos XVI-XIX) / _cSergio Eduardo Carrera Quezada, Juan Manuel Pérez Zevallos, coordinadores. |
| 250 | _aPrimera edición electrónica. | ||
| 264 | 1 |
_aCiudad de México, México : _bEl Colegio de México, _c2023. |
|
| 300 |
_a1 online resource : _billustrations, maps. |
||
| 336 |
_atext _btxt _2rdacontent |
||
| 337 |
_acomputer _bc _2rdamedia |
||
| 338 |
_aonline resource _bcr _2rdacarrier |
||
| 347 |
_atext file _2rdaft |
||
| 347 | _bEPUB | ||
| 490 | 1 | _aCentro de estudios históricos | |
| 504 | _aIncludes bibliographical references. | ||
| 588 | 0 | _aOnline resource; title from ePub title page (Digitalia, viewed July 1, 2024) | |
| 650 | 0 |
_aLand tenure _zLatin America _xHistory. |
|
| 650 | 0 |
_aLand tenure _zPhilippines _xHistory. |
|
| 650 | 0 |
_aLand tenure _zMexico _xHistory. |
|
| 650 | 0 |
_aLand use _zLatin America _xHistory. |
|
| 650 | 0 |
_aLand use _zPhilippines _xHistory. |
|
| 650 | 0 |
_aLand use _zMexico _xHistory. |
|
| 650 | 0 |
_aLand reform _zLatin America _xHistory. |
|
| 650 | 0 |
_aLand reform _zPhilippines _xHistory. |
|
| 650 | 0 |
_aLand reform _zMexico _xHistory. |
|
| 700 | 1 |
_aCarrera Quezada, Sergio Eduardo, _eeditor. |
|
| 700 | 1 |
_aPérez Zevallos, Juan Manuel, _eeditor. |
|
| 791 | 2 |
_aDigitalia (Firm), _edistributor. |
|
| 793 | 0 |
_gDigitalia eBook Collection: _aEl Colegio de México |
|
| 776 | 0 | 8 |
_iPrint version: _tEn todos los rincones imperiales. _bPrimera edición impresa. _dCiudad de México, México : El Colegio de México, 2023 _z9786075643915 |
| 830 | 0 | _aCentro de estudios históricos. | |
| 856 | 4 | 0 |
_3Digitalia Hispánica _uhttps://www.digitaliapublishing.com/a/131853/ |
| 910 | _aPremium collection: 2024 | ||
| 942 | _cRAA | ||
| 999 |
_c282012 _d282012 |
||